000
00342nam a2200145Ia 4500
008
191201s2003 xx 000 0 und d
082
_a
621.4
_b
SHP
100
_a
SHARMA, P C
245
0
_a
Power Plant Engineering
250
_a
7th
260
_a
N.Delhi
_b
S K Kataria and Sons
_c
2003
300
_a
810
650
_a
B.Tech(ME)
942
_2
ddc
_c
BK
999
_c
973
_d
973